000 01107nas a2200313 4500
001 BR2019002064
003 BR-BrBNA
005 20231205132024.0
007 ta
008 230509b bl.|||p| |||| 00| 00por d
040 _aBR-BrBNA
_bpor
_cBiblioteca Nacional de Agricultura
041 _a(En)
072 _aQ04
100 1 _aPaula Filho, G.X. de
100 1 _aBarreira, T.F.
100 1 _aFreitas, G.B. de
100 1 _aMartino, H.S.D.
100 1 _aSant'Ana, H.M.P.
245 1 _aWild pineapple (Ananas bracteatus (Lindl.), var. albus)harvested in forest patches in rural area of Viçosa, Minas Gerais, Brazil: excellent source of minerals andgood source of proteins and vitamin C
650 _aABACAXI
650 _aCOMPOSIÇÃO QUÍMICA
650 _aVITAMINA
650 _aPROTEÍNA
650 _aVALOR NUTRITIVO
773 0 _tRevista Brasileira de Fruticultura (Brazil)
_xISSN 1806-9967
_g(2016), v. 38(3) p. 1-8
_wBR2019002064
856 4 0 _uhttp://www.scielo.br/pdf/rbf/v38n3/0100-2945-rbf-38-3-e-526.pdf
909 _a202311
_bLúcia
_c55
_dLúcia Elande
942 _2AGRIS
_n0
_cANA
999 _c258015
_d258015